000 00364 a2200157 4500
001 189142
020 _a978-85-7841-594-5
040 _cMagnum
100 _aCheida, Luiz Eduardo
240 1 0 _aBichos, plantas e seus parentes
_lpor
245 1 0 _aBichos, plantas e seus parentes
300 _a155
362 0 _a2010
697 _aLITERATURA GERAL
942 _cBK
999 _c189142
_d189142